Fluid mechanics and hydraulic machines: (Record no. 159444)

MARC details
000 -LEADER
fixed length control field 00683nam a22002057a 4500
005 - DATE AND TIME OF LATEST TRANSACTION
control field 20181218114842.0
010 ## - LCCN (DPL NO)
LC control number ENG-124564
020 ## - INTERNATIONAL STANDARD BOOK NUMBER
International Standard Book Number 9789353163426
Terms of availability 799.00
035 ## - SYSTEM CONTROL NUMBER
System control number EN-108096
037 ## - SOURCE OF ACQUISITION
Source of stock number/acquisition DBAD/PUB.
082 ## - DEWEY DECIMAL CLASSIFICATION NUMBER
Classification number 620.106
100 ## - MAIN ENTRY--PERSONAL NAME
Personal name Subramanya K
245 ## - TITLE STATEMENT
Title Fluid mechanics and hydraulic machines:
Statement of responsibility, etc by K Subramanya
Remainder of title problems and solutions/
250 ## - EDITION STATEMENT
Edition statement 2nd ed.
260 ## - PUBLICATION, DISTRIBUTION, ETC. (IMPRINT)
Name of publisher, distributor, etc Tata McGraw Hill
Date of publication, distribution, etc 2019
Place of publication, distribution, etc Chennai
270 ## - ADDRESS
Address 444,/1, Sri Ekambara Naicker Industrial Estate, Alapakkam, Porur,
City Chennai
Postal code 600116
300 ## - PHYSICAL DESCRIPTION
Extent xiv,958p.
Dimensions 26cm(pbk)
Other physical details ill.
500 ## - GENERAL NOTE
General note It includes Appendix-1 to 3 and index
942 ## - ADDED ENTRY ELEMENTS (KOHA)
Source of classification or shelving scheme Dewey Decimal Classification
Item type English Books
Call number suffix SUB
Classification part 620.106
Holdings
Withdrawn status Lost status Not for loan Collection code Home library Current library Date acquired Source of acquisition Cost, normal purchase price Full call number Barcode Copy number Cost, replacement price Koha item type
    Not For Loan Non-fiction D.B.Act.Division Bawana 18/12/2018 DBAD/PUB 799.00 620.106 SUB EN-108096 1 799.00 English Books

© Delhi Public Library
Hit Counter
free hit counter